000 00544nam a2200181 i 4500
001 93217
003 ES-MaACL
007 t|
008 050408s1983 sp ||||1| spa d
100 1 _aLomeli, Francisco A.
_973201
245 1 3 _aLa novelística de Carlos Droguett
_b: poética de la obsesión y el martirio /
_cFrancisco A. Lomeli.
260 _a[Madrid :
_bPlayor,
_c1983]
300 _a202 p. ;
_c19 cm.
490 1 _aNova Scholar
830 0 _aNova Scholar
_9181704
852 _aES-MaACL
_jL-5397
_bR.105721
999 _c93217
_d93217